| 000 | 00766nam a22001937a 4500 | ||
|---|---|---|---|
| 999 |
_c60799 _d60799 |
||
| 005 | 20231024100259.0 | ||
| 008 | 231024s1993 ru ||||| |||| 00| 0 rus d | ||
| 020 | _a5511004901 | ||
| 041 | _arus | ||
| 080 | _a821.124.09 Ц-43 | ||
| 100 |
_aЦеретели, Г.Ф. _920198 |
||
| 245 |
_aТруды по истории античной литературы / _cГ. Церетели; Ред. А. В. Урушадзе. |
||
| 264 |
_aТбилиси : _bИзд-во Тбил. ун-та, _c1993. |
||
| 300 |
_a320 с. ; _b22 см. |
||
| 653 | _aანტიკური ლიტერატურა | ||
| 653 | _aისტორია და კრიტიკა. | ||
| 700 |
_aУрушадзе, А. В. _eრედაქტორი _920199 |
||
| 942 |
_2udc _cBK |
||